00391nam a2200145Ia 4500008004100000020001800041041000800059082001600067100001900083245004300102250000600145260005100151300001200202650003100214210716s2010 xx 000 0 und d a9788122428087 aeng a003.55 KHAR aKhanna, Rajiv. aInformation technology and c language. a1 aNew DelhibNew Age International Pvt Ltdc2010 aXIV,297 aInformation Theory(003.54)